| 000 | 00438nam a2200169 a 4500 | ||
|---|---|---|---|
| 005 | 20210219160131.0 | ||
| 008 | 080815s1987 mx r 000 0 spa d | ||
| 020 | _a0897140516 | ||
| 035 | _aUPN01000159270 | ||
| 049 | _aUNE | ||
| 080 | _aOC 312.9 (100) "1986" INF. | ||
| 245 | 0 | 0 | _aInforme del FNUAP 1986. |
| 260 |
_aNueva York : _bFNUAP, _c1987. |
||
| 300 |
_a185 p. : _bil. |
||
| 690 | _aFNUAP - Informes anuales | ||
| 905 | _aUNESCO | ||
| 999 |
_c131384 _d131384 |
||